Statistics for Top 10 Spanish PL scorers

Click here to take the quiz!

General Stats

  • This quiz has been taken 17 times
  • The average score is 5 of 10

Answer Stats

HintAnswer% Correct
85Torres
88%
37Silva
82%
47Fabregas
76%
45Mata
65%
51Costa
59%
25Cazorla
47%
18Negredo
29%
20Michu
24%
18Garcia
24%
41Arteta
18%

Score Distribution

Percentile by Number Answered

Percent of People with Each Score

Your Score History

You have not taken this quiz